The PC doctor's fix-it-yourself guide / (Record no. 296119)
[ view plain ]
| 000 -LEADER | |
|---|---|
| fixed length control field | 00635nam a2200229Ia 4500 |
| 008 - FIXED-LENGTH DATA ELEMENTS--GENERAL INFORMATION | |
| fixed length control field | 160621s9999 xx 000 0 und d |
| 020 ## - INTERNATIONAL STANDARD BOOK NUMBER | |
| International Standard Book Number | 0-07-225553-6 |
| 050 ## - LIBRARY OF CONGRESS CALL NUMBER | |
| Classification number | ComSc TK 7887 |
| 050 ## - LIBRARY OF CONGRESS CALL NUMBER | |
| Item number | .H84 2004 |
| 100 ## - MAIN ENTRY--PERSONAL NAME | |
| Personal name | Hughes, Adrian W. Kingsley - |
| 245 #4 - TITLE STATEMENT | |
| Title | The PC doctor's fix-it-yourself guide / |
| 245 ## - TITLE STATEMENT | |
| Statement of responsibility, etc | Adrian W. Kingsley-Hughes. |
| 260 ## - PUBLICATION, DISTRIBUTION, ETC. (IMPRINT) | |
| Place of publication, distribution, etc | New York : |
| 260 ## - PUBLICATION, DISTRIBUTION, ETC. (IMPRINT) | |
| Name of publisher, distributor, etc | McGraw-Hill, |
| 260 ## - PUBLICATION, DISTRIBUTION, ETC. (IMPRINT) | |
| Date of publication, distribution, etc | 2004 |
| 300 ## - PHYSICAL DESCRIPTION | |
| Extent | 449 pages : |
| 300 ## - PHYSICAL DESCRIPTION | |
| Other physical details | illustrations ; |
| 300 ## - PHYSICAL DESCRIPTION | |
| Dimensions | 23 cm. |
| 500 ## - GENERAL NOTE | |
| General note | Includes index. |
| 650 ## - SUBJECT ADDED ENTRY--TOPICAL TERM | |
| Topical term or geographic name as entry element | Microcomputers -- Maintenance and repair. |
| 650 ## - SUBJECT ADDED ENTRY--TOPICAL TERM | |
| General subdivision | Microcomputers -- Upgrading. |
| Withdrawn status | Lost status | Damaged status | Home library | Current library | Shelving location | Date acquired | Cost, normal purchase price | Total Checkouts | Full call number | Barcode | Date last seen | Price effective from | Koha item type |
|---|---|---|---|---|---|---|---|---|---|---|---|---|---|
| South Mansfield College | South Mansfield College | 03/07/2005 | 2.00 | ComSc TK 7887 .H84 2004 | SMC01867 | 06/21/2016 | 06/21/2016 |